000
00241nam a2200097Ia 4500
005
20251222114400.0
008
251222s1900||||xx |||||||||||||| ||spa||
082
_a
DVD0060/K97/2004
245
0
_a
La vida es un milagro :Zivot Je Cudo
942
_c
DVD
999
_c
1620
_d
1620